Arsenal Player of the Season in 21th - Statistics

General Stats
  • This quiz has been taken 54 times
  • The average score is 23 of 25
Answer Stats
Season Player Nationality Position % Correct
2014–15 Alexis Sánchez Chile Forward
100%
2016–17 Alexis Sánchez Chile Forward
100%
2019–20 Pierre-Emerick Aubameyang Gabon Forward
100%
2008–09 Robin van Persie Netherlands Forward
98%
2011–12 Robin van Persie Netherlands Forward
98%
1999–00 Thierry Henry France Forward
98%
2002–03 Thierry Henry France Forward
98%
2003–04 Thierry Henry France Forward
98%
2004–05 Thierry Henry France Forward
98%
2022–23 Martin Ødegaard Norway Midfielder
95%
2023–24 Martin Ødegaard Norway Midfielder
95%
2015–16 Mesut Özil Germany Midfielder
95%
2013–14 Aaron Ramsey Wales Midfielder
93%
2017–18 Aaron Ramsey Wales Midfielder
93%
2006–07 Cesc Fàbregas Spain Midfielder
93%
2009–10 Cesc Fàbregas Spain Midfielder
93%
2000–01 Patrick Vieira France Midfielder
90%
2018–19 Alexandre Lacazette France Forward
88%
2020–21 Bukayo Saka England Midfielder
88%
2021–22 Bukayo Saka England Midfielder
88%
2005–06 Jens Lehmann Germany Goalkeeper
83%
2001–02 Robert Pires France Forward
83%
2012–13 Santi Cazorla Spain Midfielder
81%
2010–11 Jack Wilshere England Midfielder
67%
2007–08 Mathieu Flamini France Midfielder
38%
No matching quizzes found
Score Distribution
Percent of People with Each Score
Percentile by Number Answered
Your Score History
You have not taken this quiz